<?xml version="1.0" encoding="UTF-8"?>
<collection xmlns="http://www.loc.gov/MARC21/slim">
 <record>
  <leader>01619nam a2200517   4500</leader>
  <controlfield tag="001">DLU070058857</controlfield>
  <controlfield tag="005">##20070315</controlfield>
  <controlfield tag="008">##060621c20069999njuar    r    0    0eng d</controlfield>
  <datafield tag="010" ind1="#" ind2="#">
   <subfield code="a">  2006238423</subfield>
  </datafield>
  <datafield tag="022" ind1="#" ind2="#">
   <subfield code="a">0887-0152</subfield>
  </datafield>
  <datafield tag="035" ind1="#" ind2="#">
   <subfield code="a">(OCoLC)ocm69241219</subfield>
  </datafield>
  <datafield tag="037" ind1="#" ind2="#">
   <subfield code="a">Thomson Peterson's, 2000 Lenox Drive, Lawrenceville, N.J. 08648</subfield>
  </datafield>
  <datafield tag="040" ind1="#" ind2="#">
   <subfield code="a">PPiU</subfield>
   <subfield code="c">PPiU</subfield>
   <subfield code="d">InU</subfield>
   <subfield code="d">DLC</subfield>
  </datafield>
  <datafield tag="041" ind1="#" ind2="#">
   <subfield code="a">eng</subfield>
  </datafield>
  <datafield tag="042" ind1="#" ind2="#">
   <subfield code="a">lcd</subfield>
  </datafield>
  <datafield tag="043" ind1="#" ind2="#">
   <subfield code="a">n-us---</subfield>
  </datafield>
  <datafield tag="050" ind1="#" ind2="#">
   <subfield code="a">LB2351.2</subfield>
   <subfield code="b">.C663</subfield>
  </datafield>
  <datafield tag="082" ind1="#" ind2="#">
   <subfield code="a">378.15</subfield>
   <subfield code="b">Pet</subfield>
  </datafield>
  <datafield tag="222" ind1="#" ind2="#">
   <subfield code="a">Peterson's 440 colleges for top students</subfield>
  </datafield>
  <datafield tag="245" ind1="#" ind2="#">
   <subfield code="a">Peterson's 440 colleges for top students.</subfield>
  </datafield>
  <datafield tag="246" ind1="#" ind2="#">
   <subfield code="a">Four hundred forty colleges for top students</subfield>
  </datafield>
  <datafield tag="246" ind1="#" ind2="#">
   <subfield code="a">440 colleges for top students</subfield>
  </datafield>
  <datafield tag="260" ind1="#" ind2="#">
   <subfield code="a">Lawrenceville, N.J. :</subfield>
   <subfield code="b">Thomson Peterson's,</subfield>
   <subfield code="c">c2007.</subfield>
  </datafield>
  <datafield tag="300" ind1="#" ind2="#">
   <subfield code="a">536 p. ;</subfield>
   <subfield code="c">24 cm.</subfield>
  </datafield>
  <datafield tag="310" ind1="#" ind2="#">
   <subfield code="a">Annual</subfield>
  </datafield>
  <datafield tag="362" ind1="#" ind2="#">
   <subfield code="a">26th ed. (2007)-</subfield>
  </datafield>
  <datafield tag="650" ind1="#" ind2="#">
   <subfield code="a">Universities and colleges</subfield>
   <subfield code="z">United States</subfield>
   <subfield code="v">Directories.</subfield>
  </datafield>
  <datafield tag="650" ind1="#" ind2="#">
   <subfield code="a">Universities and colleges</subfield>
   <subfield code="z">United States</subfield>
   <subfield code="x">Admission</subfield>
   <subfield code="v">Periodicals.</subfield>
  </datafield>
  <datafield tag="650" ind1="#" ind2="#">
   <subfield code="a">Universities and colleges</subfield>
   <subfield code="z">United States</subfield>
   <subfield code="x">Entrance requirements</subfield>
   <subfield code="v">Periodicals.</subfield>
  </datafield>
  <datafield tag="710" ind1="#" ind2="#">
   <subfield code="a">Thomson Peterson's (Firm)</subfield>
  </datafield>
  <datafield tag="780" ind1="#" ind2="#">
   <subfield code="t">Peterson's competitive colleges</subfield>
   <subfield code="x">0887-0152</subfield>
   <subfield code="w">(DLC)   87654359</subfield>
   <subfield code="w">(OCoLC)11832597</subfield>
  </datafield>
  <datafield tag="850" ind1="#" ind2="#">
   <subfield code="a">DLC</subfield>
  </datafield>
  <datafield tag="852" ind1="#" ind2="#">
   <subfield code="x">universal pattern</subfield>
  </datafield>
  <datafield tag="853" ind1="#" ind2="#">
   <subfield code="8">1</subfield>
   <subfield code="a">+ed.</subfield>
   <subfield code="i">(year)</subfield>
   <subfield code="w">a</subfield>
  </datafield>
  <datafield tag="863" ind1="#" ind2="#">
   <subfield code="8">1.1</subfield>
   <subfield code="a">26</subfield>
   <subfield code="i">2007</subfield>
  </datafield>
  <datafield tag="923" ind1="#" ind2="#">
   <subfield code="a">02/2007</subfield>
  </datafield>
  <datafield tag="992" ind1="#" ind2="#">
   <subfield code="a">27.000</subfield>
  </datafield>
  <datafield tag="994" ind1="#" ind2="#">
   <subfield code="a">DLU</subfield>
  </datafield>
  <datafield tag="998" ind1="#" ind2="#">
   <subfield code="a">TK</subfield>
  </datafield>
  <datafield tag="900" ind1="#" ind2="#">
   <subfield code="a">True</subfield>
  </datafield>
  <datafield tag="911" ind1="#" ind2="#">
   <subfield code="a">Đào Thị Thu Huyền</subfield>
  </datafield>
  <datafield tag="925" ind1="#" ind2="#">
   <subfield code="a">G</subfield>
  </datafield>
  <datafield tag="926" ind1="#" ind2="#">
   <subfield code="a">A</subfield>
  </datafield>
  <datafield tag="927" ind1="#" ind2="#">
   <subfield code="a">SH</subfield>
  </datafield>
  <datafield tag="980" ind1="#" ind2="#">
   <subfield code="a">Thư viện Trường Đại học Đà Lạt</subfield>
  </datafield>
 </record>
</collection>
